Từ điển bách khoa Y học phổ thông

Zapisane w:
Opis bibliograficzny
Format: Książka
Język:Undetermined
Wydane: Hà Nội Khoa học và Kỹ thuật 2004
Hasła przedmiotowe:
Etykiety: Dodaj etykietę
Nie ma etykietki, Dołącz pierwszą etykiete!
Thư viện lưu trữ: Trung tâm Học liệu Trường Đại học Cần Thơ
LEADER 00515nam a2200181Ia 4500
001 CTU_93343
008 210402s9999 xx 000 0 und d
020 |c 270000 
082 |a 610.3 
082 |b T550 
245 0 |a Từ điển bách khoa Y học phổ thông 
245 0 |c Nguyễn Ngọc Lanh chủ biên 
260 |a Hà Nội 
260 |b Khoa học và Kỹ thuật 
260 |c 2004 
650 |a Medicine 
904 |i Năm 
980 |a Trung tâm Học liệu Trường Đại học Cần Thơ